000 00706nam a2200217Ia 4500
001 3136
003 GE_BSU
008 181216s||||||||xx |||||||||||||| ||und||
040 _cGE_BSU
080 _a621.757(075.8)
100 _aГусев,А.А. Ковальчук Е.Р. Колесов,И.М. и др.
245 _aТехнология машиностроения(cпециальная часть).
245 _bУчебник.
245 _cРед. Н.А.Лебедева, И.С.Форсмен.
260 _aМ.
260 _bМашиностроение.
260 _c1986.
300 _a480 стр. с илл.
653 _aТехнология машиностроения.
942 _cBK
999 _c37180
_d37180